000 01239nam a22003617a 4500
003 CHAP
005 20220329140204.0
008 971013s1987 r 00010 d
010 _a48296
011 _a49268
035 _a53416
040 _cCHAP
090 _aTesis
100 0 0 _aVázquez Sánchez, José.
_9120523
245 _aSistema de aritmética de precisión arbitraria para microcomputadoras
260 _aChapingo, Méx. :
_bEl autor,
_c1987
300 _a44 h.
502 _aTesis (M.C. Esp. en Computación aplicada) -- CP. Centro de Estadística y Cálculo
590 _aALEPH
_b10
_c20130110
_lUCH01
_h1319
590 _aBATCH-UPD
_b10
_c20130109
_lUCH01
_h2339
590 _aBATCH-UPD
_b10
_c20130110
_lUCH01
_h0233
590 _aBATCH-UPD
_b10
_c20130110
_lUCH01
_h2108
590 _aBATCH-UPD
_b10
_c20130409
_lUCH01
_h1908
590 _aBATCH-UPD
_b10
_c20130410
_lUCH01
_h1420
590 _aBATCH-UPD
_b10
_c20130914
_lUCH01
_h0358
590 _aCONVERSION
_b10
_c20130109
_lUCH01
_h1326
650 1 4 _aAritmética.
_97117
650 1 4 _aMicrocomputadoras.
_975505
901 _aBK
942 _cFOLL
949 _bBC
_cTES
_d-118463
_eTS1
_h19699
_i53416
_mD
_si
949 _bBC
_cTES
_d33724000694485
_eTS2
_fc.2
_h19670
_i53416
_mD
_si
999 _c48296
_d48296